Postavenie Číny v medzinárodných tokoch kapitálu bakalárska práca

Na minha lista:
Detalhes bibliográficos
Autor principal: Kudrna, Marek
Autor Corporativo: Fakulta medzinárodných vzťahov EU. Katedra medzinárodných ekonomických vzťahov a hospodárskej diplomacie
Outros Autores: Dudáš, Tomáš, 1976-
Formato: Livro
Idioma:eslovaco
Publicado em: Bratislava 2012
Tags: Adicionar Tag
Sem tags, seja o primeiro a adicionar uma tag!

MARC

LEADER 00000nbm a2200000 4500
001 0153658
005 20161109111801.3
041 0 |a slo 
044 |a SK 
245 1 0 |a Postavenie Číny v medzinárodných tokoch kapitálu  |b bakalárska práca  |c Marek Kudrna ; školiteľ: Tomáš Dudáš 
264 1 |a Bratislava  |c 2012 
300 |a 56 s. 
100 1 |a Kudrna, Marek 
700 1 |a Dudáš, Tomáš, 1976- 
710 2 |a Fakulta medzinárodných vzťahov EU. Katedra medzinárodných ekonomických vzťahov a hospodárskej diplomacie